Memòria 1936-1937 / Servei d'Excavacions i Arqueologia de Catalunya
Descripción Física:
54 p., 21 p. de làm. ; 26 cm
MARC
| LEADER | 00000nam a2200000Ia 4500 | ||
|---|---|---|---|
| 001 | 9273 | ||
| 008 | 160829s1937 xx 000 0 cat d | ||
| 080 | |a H-1-63 | ||
| 100 | |a Catalunya. Servei d'Excavacions i Arqueologia |9 20829 | ||
| 245 | |a Memòria 1936-1937 / Servei d'Excavacions i Arqueologia de Catalunya | ||
| 260 | |a Barcelona : |b [el Servei], |c 1937 | ||
| 300 | |a 54 p., 21 p. de làm. ; |c 26 cm | ||
| 650 | |a Catalunya. Servei d'Excavacions i Arqueologia |x Memòries |9 20830 | ||
| 901 | |a Arxiu | ||
| 942 | |n 1 | ||
| 952 | |0 0 |1 0 |4 0 |6 H163 |7 1 |9 41702 |a Arxiu |b Arxiu |d 2016-12-01 |l 0 |o H-1-63 |p 9273 |r 2016-12-01 00:00:00 |w 2016-12-01 |y ARXIU | ||
| 999 | |c 43592 |d 43592 | ||